000 00544cam a22002291 4500
001 sa 68018384
003 DLC
005 20260227112711.0
008 950308s1968 ii 000 0 tamo
010 _asa 68018384
025 _aPL480:I-T-2630
035 _a(OCoLC)32111074
040 _aDLC
_cCU
_dCU
_dDLC
042 _apremarc
050 0 0 _aBL1175.N3
_bR3
100 1 _aRamanathan, S.,
_d1931-
245 1 0 _aŚrī Nāratar purāṇam.
260 _c[1968]
300 _a428 p.
_c18 cm.
500 _aIn Tamil.
600 0 0 _aNārada.
999 _c88369
_d88369